00000000nam##2200000za#4500
0019.632132
003CaOODSP
00520220818080247
007cr |||||||||||
008150407|2005||||xxc|||||o    f|0| 0 fre|d
020 |a0-662-74722-4
040 |aCaOODSP|bfre
043 |an-cn---
0861 |aIP54-3/2005F-PDF
1102 |aCommissariat à la protection de la vie privée du Canada.
24510|aLeçons tirées de dix ans d'expérience : |h[ressource électronique]|bla Loi sur la protection des renseignements personnels dans le secteur privé du Québec
260 |aOttawa - Ontario : |bCommissariat à la protection de la vie privée du Canada |c2005.
300 |a70p.
500 |aLe n° de catalogue et l’ISBN de l'édition imprimée bilingue ont été incorrectement copiés dans l’édition électronique.
5203 |aCe rapport est essentiellement un résumé des décisions rendues par la Commission d’accès à l’information en vertu de la Loi sur la protection des renseignements personnels dans le secteur privé du Québec. Il vise à aider dans le cadre de l’interprétation de lois similaires, particulièrement la Loi sur la protection des renseignements personnels et les documents électroniques (une loi fédérale), ainsi qu’à documenter les modifications possibles à cette loi.
590 |a05-46|b2005-11-18
69107|aVie privée|2gcpds
77508|tLearning from a decade of experience : |w(CaOODSP)9.687688
7760#|tLearning from a decade of experience : |w(CaOODSP)9.666737
7760#|tLeçons tirées de dix ans d'expérience : |w(CaOODSP)9.666738
85640|ahttp://publications.gc.ca|qPDF|s1406 Ko|uhttps://publications.gc.ca/collections/Collection/IP54-3-2005F.pdf